00593nam a2200169Ia 4500003000900000008004100009040001600050080002600066110003300092245015900125260005000284300000900334500001800343650002300361650001800384650002100402IN-BaIIA211028s9999 xx 000 0 eng d cIIA Library a083.7:669.71-415bISI aIndian Standards Institution 0aIndian standard specification for wrought aluminium and aluminium alloys, sheet and strip (for general engineering purposes)cIndian Standards Institution aNew DelhibIndian Standards Institutionc1975 a18p. aIS 737 : 1974 a Aluminium Alloys a Standards  aNASA Thesaurus